|
|
|
|
| LEADER |
00000cas a2200000 a 4500 |
| 001 |
vtls010504747 |
| 003 |
SK-MaSNL |
| 005 |
20260228161958.0 |
| 008 |
130418c20109999xo fr p 0 0slo |
| 022 |
|
|
|a 1338-2853
|
| 040 |
|
|
|a SNK
|b slo
|c SNK
|e AACR2
|
| 041 |
0 |
|
|a slo
|b eng
|
| 044 |
|
|
|a xo
|c SK
|
| 072 |
|
7 |
|a 574
|x Všeobecná ekológia
|2 konspekt
|
| 072 |
|
7 |
|a 502
|x Životné prostredie a jeho ochrana
|2 konspekt
|
| 080 |
|
|
|a 574
|2 2011
|
| 080 |
|
|
|a 050
|2 2011
|
| 080 |
|
|
|a 001(051)
|2 2011
|
| 080 |
|
|
|a 502.5
|2 2011
|
| 210 |
0 |
|
|a Ekol. štúd.
|
| 222 |
|
0 |
|a Ekologické štúdie
|
| 245 |
0 |
0 |
|a Ekologické štúdie
|
| 260 |
|
|
|a Nitra
|b Slovenská ekologická spoločnosť pri SAV
|c 2010-
|
| 300 |
|
|
|a zv.
|c 23-25 cm
|
| 310 |
|
|
|a 2x ročne
|
| 362 |
0 |
|
|a 2010-
|
| 500 |
|
|
|a Popis podľa: Roč. 3, č. 1 (2012)-
|
| 500 |
|
|
|a Hlavný red.: 2012- , Zita Izakovičová
|
| 500 |
|
|
|a Evidenčné číslo: MK SR EV 4174/10
|
| 500 |
|
|
|a V tiráži uvedený podnázov: recenzovaný vedecký časopis venovaný aktuálným problémom ekológie, krajinnej ekológie a príbuzných vedných dicsiplín
|
| 500 |
|
|
|a Výkonný red.: 2012- , Martin Boltižiar
|
| 504 |
|
|
|a Bibliogr.
|
| 546 |
|
|
|a Res. angl.
|
| 550 |
|
|
|a Vydáva Slovenská ekologická spoločnosť pri SAV v spolupráci s Ústavom krajinnej ekológie SAV Bratislava a Katedrou ekológie a enviromentalistiky FPV UKF v Nitre
|
| 650 |
0 |
7 |
|a ekológia
|2 SNKPH
|9 785
|
| 650 |
0 |
7 |
|a krajinná ekológia
|2 SNKPH
|9 3811
|
| 655 |
|
7 |
|a vedecké časopisy
|2 SNKPH
|9 70520
|
| 700 |
1 |
|
|a Izakovičová, Zita,
|d 1959-
|4 pbd
|9 94230
|
| 700 |
1 |
|
|a Boltižiar, Martin
|4 red
|9 270132
|
| 710 |
2 |
|
|a Slovenská akadémia vied.
|b Ústav krajinnej ekológie
|4 pbl
|9 158531
|
| 710 |
2 |
|
|a Slovenská ekologická spoločnosť
|4 pbl
|9 167671
|
| 710 |
2 |
|
|a Univerzita Konštantína Filozofa v Nitre.
|b Fakulta prírodných vied.
|b Katedra ekológie a environmentalistiky
|4 pbl
|9 168904
|
| 856 |
4 |
1 |
|u http://147.213.211.222/taxonomy/term/926
|
| 910 |
|
|
|a snk
|
| 916 |
|
|
|a 2012-2016, 2017-2018, 2019, 2020, 2021
|
| 999 |
|
|
|c 6320
|d 8250
|
| 952 |
|
|
|0 0
|1 0
|4 0
|7 0
|8 0
|a SNK
|b SNK
|d 2023-07-14
|i snk2023/10841
|l 0
|o snkČSC 3669/12/2021 D1
|p 17A1521014
|r 2026-02-21 19:51:16
|t č. 1-2
|w 2026-02-21
|y PREZ
|
| 952 |
|
|
|0 0
|1 0
|4 0
|7 0
|8 0
|a SNK
|b SNK
|d 2023-07-14
|f 1
|i snk2023/10842
|l 0
|o snkČSC 3669/13/2022
|p 17A1521015
|r 2026-02-21 19:51:16
|t č. 1-2
|w 2026-02-21
|y PREZ
|
| 952 |
|
|
|0 0
|1 0
|4 0
|7 0
|8 0
|a SNK
|b SNK
|d 2021-05-28
|f 1
|i snk2021/5925
|l 0
|o snkČSC 3669/11/2020
|p 17A1434152
|r 2026-02-21 19:58:46
|t č. 1-2
|w 2026-02-21
|y PREZ
|
| 952 |
|
|
|0 0
|1 0
|4 0
|7 0
|8 0
|a SNK
|b SNK
|d 2022-05-13
|i snk2022/7678
|l 0
|o snkČSC 3669/10/2019 D1
|p 17A1462790
|r 2026-02-21 20:10:40
|t č. 1-2
|w 2026-02-21
|y PREZ
|
| 952 |
|
|
|0 0
|1 0
|4 0
|7 0
|8 0
|a SNK
|b SNK
|d 2022-05-13
|i snk2022/7679
|l 0
|o snkČSC 3669/11/2020 D1
|p 17A1462791
|r 2026-02-21 20:10:40
|t č. 1-2
|w 2026-02-21
|y PREZ
|
| 952 |
|
|
|0 0
|1 0
|4 0
|7 0
|8 0
|a SNK
|b SNK
|d 2023-02-13
|f 1
|i snk2023/2618
|l 0
|o snkČSC 3669/12/2021
|p 17A1465471
|r 2026-02-21 20:11:42
|t č. 1-2
|w 2026-02-21
|y PREZ
|
| 952 |
|
|
|0 0
|1 0
|4 0
|7 0
|8 0
|a SNK
|b SNK
|d 2017-01-26
|f 1
|i snk2017/2364
|l 0
|o snkČSC 3669/4/2013
|p 17A1204994
|r 2026-02-21 20:19:10
|t č. 1-2
|w 2026-02-21
|y PREZ
|
| 952 |
|
|
|0 0
|1 0
|4 0
|7 0
|8 0
|a SNK
|b SNK
|d 2017-01-26
|i snk2017/2377
|l 0
|o snkČSC 3669/4/2013 D1
|p 17A1204993
|r 2026-02-21 20:19:10
|t č. 1-2
|w 2026-02-21
|y PREZ
|
| 952 |
|
|
|0 0
|1 0
|4 0
|7 0
|8 0
|a SNK
|b SNK
|d 2025-04-03
|i snk2025/5850
|l 0
|o snkČSC 3669/13/2022 D1
|p 17A1555873
|r 2026-02-21 21:11:09
|t č. 1-2
|w 2026-02-21
|y PREZ
|
| 952 |
|
|
|0 0
|1 0
|4 0
|7 0
|8 0
|a SNK
|b SNK
|d 2017-01-26
|f 1
|i snk2017/2335
|l 0
|o snkČSC 3669/3/2012
|p 17A1204996
|r 2026-02-21 21:48:15
|t č. 1-2
|w 2026-02-21
|y PREZ
|
| 952 |
|
|
|0 0
|1 0
|4 0
|7 0
|8 0
|a SNK
|b SNK
|d 2017-01-26
|i snk2017/2360
|l 0
|o snkČSC 3669/3/2012 D1
|p 17A1204995
|r 2026-02-21 21:48:15
|t č. 1-2
|w 2026-02-21
|y PREZ
|
| 952 |
|
|
|0 0
|1 0
|4 0
|7 0
|8 0
|a SNK
|b SNK
|d 2017-01-26
|f 1
|i snk2017/2378
|l 0
|o snkČSC 3669/5/2014
|p 17A1204992
|r 2026-02-21 21:48:15
|t č. 1-2
|w 2026-02-21
|y PREZ
|
| 952 |
|
|
|0 0
|1 0
|4 0
|7 0
|8 0
|a SNK
|b SNK
|d 2017-01-26
|i snk2017/2379
|l 0
|o snkČSC 3669/5/2014 D1
|p 17A1204991
|r 2026-02-21 21:48:15
|t č. 1-2
|w 2026-02-21
|y PREZ
|
| 952 |
|
|
|0 0
|1 0
|4 0
|7 0
|8 0
|a SNK
|b SNK
|d 2017-01-26
|f 1
|i snk2017/2389
|l 0
|o snkČSC 3669/6/2015
|p 17A1204990
|r 2026-02-21 21:48:15
|t č. 1-2
|w 2026-02-21
|y PREZ
|
| 952 |
|
|
|0 0
|1 0
|4 0
|7 0
|8 0
|a SNK
|b SNK
|d 2017-09-18
|i snk2017/20097
|l 0
|o snkČSC 3669/6/2015 D1
|p 17A1263904
|r 2026-02-21 21:55:59
|t č. 1-2
|w 2026-02-21
|y PREZ
|
| 952 |
|
|
|0 0
|1 0
|4 0
|7 0
|8 0
|a SNK
|b SNK
|d 2017-09-18
|f 1
|i snk2017/20099
|l 0
|o snkČSC 3669/7/2016
|p 17A1263903
|r 2026-02-21 21:55:59
|t č. 1-2
|w 2026-02-21
|y PREZ
|
| 952 |
|
|
|0 0
|1 0
|4 0
|7 0
|8 0
|a SNK
|b SNK
|d 2020-02-03
|f 1
|i snk2020/2321
|l 0
|o snkČSC 3669/10/2019
|p 17A1386284
|r 2026-02-21 21:58:46
|t č. 1-2
|w 2026-02-21
|y PREZ
|
| 952 |
|
|
|0 0
|1 0
|4 0
|7 0
|8 0
|a SNK
|b SNK
|d 2020-02-03
|i snk2020/2322
|l 0
|o snkČSC 3669/8/2017 D1
|p 17A1386285
|r 2026-02-21 21:58:46
|t č. 1-2
|w 2026-02-21
|y PREZ
|
| 952 |
|
|
|0 0
|1 0
|4 0
|7 0
|8 0
|a SNK
|b SNK
|d 2019-10-21
|f 1
|i snk2019/26691
|l 0
|o snkČSC 3669/8/2017
|p 17A1384361
|r 2026-02-21 22:00:33
|t č. 1-2
|w 2026-02-21
|y PREZ
|
| 952 |
|
|
|0 0
|1 0
|4 0
|7 0
|8 0
|a SNK
|b SNK
|d 2019-10-21
|f 1
|i snk2019/26692
|l 0
|o snkČSC 3669/9/2018
|p 17A1384362
|r 2026-02-21 22:00:33
|t č. 1-2
|w 2026-02-21
|y PREZ
|
| 952 |
|
|
|0 0
|1 0
|4 0
|7 0
|8 0
|a SNK
|b SNK
|d 2020-06-24
|i snk2020/11187
|l 0
|o snkČSC 3669/9/2018 D1
|p 17A1430953
|r 2026-02-21 22:01:46
|t č. 1-2
|w 2026-02-21
|y PREZ
|
| 952 |
|
|
|0 0
|1 0
|4 0
|7 0
|8 0
|a SNK
|b SNK
|d 2018-08-06
|i snk2018/16487
|l 0
|o snkČSC 3669/7/2016 D1
|p 17A1327638
|r 2026-02-21 22:20:02
|t č. 1-2
|w 2026-02-21
|y PREZ
|